000 00733nam a2200205Ii 4500
003 JO-AjNU
008 230605s9999||||xx |||||||||||||| ||und||
040 _aJO-AjNU
_bara
_erda
_cJO-AjNU
041 _aara
050 1 4 _aPN241.K442 1988
100 3 _aتأليف خليفة، عبد الكريم,
_eauthor
_934926
245 0 0 _aاللغة العربية والتعريب في العصر الحديث
250 _aط2
264 3 1 _aعمان: مجمع اللغة العربية، 1988
300 _a291ص
336 _atext
_btxt
_2rdacontent
337 _aunmediated
_bn
_2rdamedia
338 _avolume
_bnc
_2rdacarrier
650 4 _aاللغة العربية - تاريخ ونقد - تعريب - العصر الحديث
_934927
999 _aA14368
_c17936
_d17936